书目信息 |
| 题名: |
世界寻梦圆大策划
|
|
| 作者: | 何学林 著 | |
| 分册: | ||
| 出版信息: | 北京 中国社会科学出版社 2003.01 |
|
| 页数: | 260页, [6] 页图版 | |
| 开本: | 21cm | |
| 丛书名: | ||
| 单 册: | ||
| 中图分类: | F279.23 | |
| 科图分类: | ||
| 主题词: | 企业管理--qi ye guan li--经营决策--中国 | |
| 电子资源: | ||
| ISBN: | 7-5004-3712-9 | |
| 000 | 00842nam0 2200229 450 | |
| 001 | 012007149684 | |
| 005 | 20070924153300.21 | |
| 010 | @a7-5004-3712-9@dCNY19.80 | |
| 100 | @a20070816d2003 km y0chiy0120 ea | |
| 101 | 0 | @achi |
| 102 | @aCN@b110000 | |
| 105 | @aacf z 000yy | |
| 200 | 1 | @a世界寻梦圆大策划@Ashi jie xun meng yuan da ce hua@e何学林的大策划@f何学林著@Fhe xue lin zhu |
| 210 | @a北京@c中国社会科学出版社@d2003.01 | |
| 215 | @a260页, [6] 页图版@c图 (部分彩图), 肖像@d21cm | |
| 330 | @a本书是关于一个有价值的经济项目的策划书及对此项目的科学分析,内容包括世界寻梦圆大策划,世界寻梦圆启动,世界寻梦圆起飞等。 | |
| 517 | 1 | @a何学林的大策划@Ahe xue lin de da ce hua |
| 606 | 0 | @a企业管理@Aqi ye guan li@x经营决策@y中国 |
| 690 | @aF279.23@v4 | |
| 701 | 0 | @a何学林@Ahe xue lin@4著 |
| 801 | 0 | @aCN@c20070924 |
| 905 | @dF279.23@eH213 | |
| 世界寻梦圆大策划:何学林的大策划/何学林著.-北京:中国社会科学出版社,2003.01 |
| 260页, [6] 页图版:图 (部分彩图), 肖像;21cm |
| ISBN 7-5004-3712-9:CNY19.80 |
| 本书是关于一个有价值的经济项目的策划书及对此项目的科学分析,内容包括世界寻梦圆大策划,世界寻梦圆启动,世界寻梦圆起飞等。 |
| ● |
| 相关链接 |
|
|
|
正题名:世界寻梦圆大策划
索取号:F279.23/H213
 
预约/预借
| 序号 | 登录号 | 条形码 | 馆藏地/架位号 | 状态 | 备注 |
| 1 | 259276 | 202592765 | 社科库409/409社科库 98排4列1层/ [索取号:F279.23/H213] | 在馆 | |
| 2 | 259277 | 202592774 | 社科库409/409社科库 98排4列1层/ [索取号:F279.23/H213] | 在馆 | |
| 3 | 259278 | 202592783 | 社科库409/409社科库 98排4列1层/ [索取号:F279.23/H213] | 在馆 |